000 00742nam a2200205 a 4500
008 981111s1998 d yxo r 0 slo c
020 _a8008026820
_c0
040 _aSNK
_bslo
_cSNK
_eAACR2
041 1 _aslo
044 _axo
_cSK
080 _a372.851(079.1)
100 1 _aIštoková, Anna
_4aut
245 1 0 _aRiešené testy z matematiky na prijímacie skúšky na stredné školy
_bgymnáziá, obchodné akadémie, stredné priemyselné školy
_cAnna Ištoková, Viera Marhefková
260 _aBratislava
_bSlovenské pedagogické nakladateľstvo
_c1998
300 _a260 s.
_bsch.
_c21 cm
650 0 7 _amatematika
_xskúšky prijímacie
_xškoly stredné
_xtesty
_2SNK
700 1 _aMarhefková, Viera
_4aut
958 _aAPP
958 _aAPR
999 _c20514
_d20514